Handbook for writers
Content included: Basic grammar, basic sentence faults, manuscript mechanics, punctuation, larger elements, effective sentences, writing summaries and examinations,..
保存先:
| 第一著者: | |
|---|---|
| フォーマット: | 図書 |
| 言語: | Undetermined |
| 出版事項: |
Englewood Cliffs, N.J.
Prentice-Hall
1978
|
| 主題: | |
| タグ: |
タグ追加
タグなし, このレコードへの初めてのタグを付けませんか!
|
| Thư viện lưu trữ: | Trung tâm Học liệu Trường Đại học Cần Thơ |
|---|
| LEADER | 00813nam a2200205Ia 4500 | ||
|---|---|---|---|
| 001 | CTU_222037 | ||
| 008 | 210402s9999 xx 000 0 und d | ||
| 082 | |a 808.042 | ||
| 082 | |b L513 | ||
| 100 | |a Leggett, Glenn H. | ||
| 245 | 0 | |a Handbook for writers | |
| 245 | 0 | |c Glenn Leggett, C. David Mead, William Charvat | |
| 260 | |a Englewood Cliffs, N.J. | ||
| 260 | |b Prentice-Hall | ||
| 260 | |c 1978 | ||
| 520 | |a Content included: Basic grammar, basic sentence faults, manuscript mechanics, punctuation, larger elements, effective sentences, writing summaries and examinations,.. | ||
| 650 | |a English language,Tiếng Anh,English language | ||
| 650 | |x Rhetoric,Ngữ pháp,Grammar | ||
| 904 | |i Tô Chánh Trung, Phan Thanh Thảo, Tuyến | ||
| 980 | |a Trung tâm Học liệu Trường Đại học Cần Thơ | ||